Komedie 2 Sen noci Svajonáské, Kupec Benátský, Jak se Vám líbí, Zkrocení zlé ženy, Konec vše napraví, Večer tříkrálový, Zimní pohádka

Podrobná bibliografia
Hlavný autor: Shakespeare, William, 1564-1616 (Autor)
Médium: Kniha
Jazyk:neznámy jazyk
Vydavateľské údaje: Praha Státní nakladatelství technické literatury 1959

MARC

LEADER 00000nam a2200000 a 4500
001 vtls001295538
003 SK-MaSNL
005 20260301155532.0
008 240318s1959 xx 0 und
035 |a SNK000247354 
040 |a SNK  |b slo  |c SNK  |e AACR2 
100 1 |a Shakespeare, William,  |d 1564-1616  |4 aut  |9 92336 
245 1 0 |a Komedie 2  |b Sen noci Svajonáské, Kupec Benátský, Jak se Vám líbí, Zkrocení zlé ženy, Konec vše napraví, Večer tříkrálový, Zimní pohádka 
260 |a Praha  |b Státní nakladatelství technické literatury  |c 1959 
300 |a 675 s. 
999 |c 801413  |d 803343 
952 |t P60, <05>, [BOOK], {605}  |a SNK  |b SNK  |y NEVYP  |7 0  |p 17A0083179  |o snkID 24053/2 D1  |0 0  |1 1  |4 0  |d 1997-07-21  |l 0  |r 2005-01-02 00:00:00  |w 2026-02-24 
952 |t P60, <05>, [BOOK], {605}  |a SNK  |b SNK  |y PREZ  |7 0  |p 17A0157029  |o snkID 24053/2  |0 0  |1 0  |4 0  |d 1998-09-02  |l 0  |r 2005-01-02 00:00:00  |w 2026-02-24